[Event "32. Potsdamer Weihnachtsturnier"]
[Site "Potsdam"]
[Date "2007.12.27"]
[Round "1.28"]
[White "Schulz, Alfred"]
[Black "Langner, Tobias"]
[Result "0-1"]
[WhiteElo "1516"]
[BlackElo "2004"]
[PlyCount "122"]

1. d4 Nf6 2. c4 g6 3. Nc3 Bg7 4. Nf3 O-O 5. e4 d6 6. Be2 e5 7. d5 Na6 8. Bg5 h6
9. Be3 Ng4 10. Bd2 f5 11. Qc1 Kh7 12. O-O Nc5 13. h3 Nf6 14. exf5 gxf5 15. Nh2
a5 16. Rb1 Bd7 17. b4 axb4 18. Rxb4 b6 19. Rb1 Nfe4 20. Be1 Nxc3 21. Bxc3 Rxa2
22. Rb2 Ra8 23. Rb1 Rg8 24. f3 Qh4 25. Be1 Qf6 26. Qc2 Kh8 27. Kh1 Qg5 28. h4
Qg6 29. Rg1 h5 30. g4 Ba4 31. Qxf5 Qxf5 32. gxf5 Bc2 33. Rc1 Bxf5 34. Rg5 Rgf8
35. Rxh5+ Kg8 36. Bd2 Ra2 37. Nf1 Nb3 38. Rd1 Bh3 39. Bd3 Rxf3 40. Bh7+ Kf7 41.
Nh2 Nxd2 42. Bb1 Rb2 43. Rg5 Rf2 44. Bg6+ Kf8 45. Ra1 Rb1+ 46. Rxb1 Nxb1 47.
Bxb1 Bh6 48. Rg3 Bd7 49. Rf3+ Rxf3 50. Nxf3 Kg7 51. Kg2 Kf6 52. Be4 Bf5 53.
Bxf5 Kxf5 54. Kh3 Kf4 55. Ne1 e4 56. Nc2 Kf3 57. Nd4+ Kf2 58. Nf5 e3 59. Nxh6
e2 60. Ng4+ Kf3 61. Nh2+ Kf4 0-1

[Event "32. Potsdamer Weihnachtsturnier"]
[Site "Potsdam"]
[Date "2007.12.27"]
[Round "1.29"]
[White "Schilling, Florian"]
[Black "Pugliese, Roland"]
[Result "1/2-1/2"]
[WhiteElo "2003"]
[BlackElo "1447"]
[PlyCount "52"]

1. Nf3 d5 2. d4 Nf6 3. c4 c6 4. Nc3 e6 5. Bf4 Bd6 6. Qd2 Qc7 7. g3 O-O 8. Rc1
Bxf4 9. gxf4 dxc4 10. e3 b5 11. b3 b4 12. Ne2 c3 13. Qc2 Bb7 14. Bg2 c5 15. Nh4
Bxg2 16. Nxg2 Qb7 17. Rg1 Ne4 18. Rd1 Nd2 19. Rxd2 cxd2+ 20. Qxd2 Rd8 21. Qb2
cxd4 22. Nxd4 Nc6 23. Nf3 Qd7 24. Nd2 Rac8 25. Nh4 g6 26. Nhf3 Qd3 1/2-1/2

[Event "32. Potsdamer Weihnachtsturnier"]
[Site "Potsdam"]
[Date "2007.12.27"]
[Round "1.30"]
[White "Focke, Wolfgang"]
[Black "Grigoleit, Steven"]
[Result "0-1"]
[WhiteElo "1422"]
[BlackElo "1999"]
[PlyCount "96"]

1. e4 c5 2. Nf3 d6 3. d4 cxd4 4. Nxd4 Nf6 5. Nc3 g6 6. Be3 Bg7 7. f3 O-O 8. Qd2
Nc6 9. O-O-O Bd7 10. g4 Rc8 11. Kb1 Ne5 12. h4 Nc4 13. Bxc4 Rxc4 14. h5 b5 15.
hxg6 fxg6 16. g5 Nh5 17. Rdg1 Qa5 18. Nb3 Qc7 19. Nd5 Qd8 20. Nd4 e6 21. Nf6+
Nxf6 22. gxf6 Qxf6 23. Qh2 h5 24. Qxd6 Rxd4 25. Bxd4 Qxd4 26. Qxd4 Bxd4 27.
Rxg6+ Kh7 28. Rg3 Be8 29. c3 Be5 30. Rg5 Bf4 31. Rc5 Bd6 32. Rc8 Bg6 33. Rxf8
Bxf8 34. Kc2 Kg7 35. Kd3 Kf6 36. Ke3 Bh6+ 37. Kd4 Bf8 38. Ke3 Bc5+ 39. Kd3 Bf2
40. Rf1 Bg3 41. c4 Be8 42. b3 h4 43. Rc1 h3 44. Ke2 h2 45. Rh1 Ke5 46. Kf1 Kf4
47. cxb5 Bxb5+ 48. Kg2 Be2 0-1

[Event "32. Potsdamer Weihnachtsturnier"]
[Site "Potsdam"]
[Date "2007.12.27"]
[Round "1.32"]
[White "Steinkrauß, Thilo"]
[Black "Hadlich, Winfried"]
[Result "0-1"]
[WhiteElo "1280"]
[BlackElo "1990"]
[PlyCount "82"]

1. e4 Nf6 2. e5 Nd5 3. c4 Nb6 4. d4 d6 5. f4 Bf5 6. Nf3 e6 7. Nc3 N8d7 8. Bd3
Bxd3 9. Qxd3 dxe5 10. fxe5 h6 11. Be3 Bb4 12. Rd1 Qe7 13. O-O Bxc3 14. Qxc3
O-O-O 15. b4 f6 16. d5 exd5 17. cxd5 Nxe5 18. Nxe5 Qxe5 19. Qxe5 fxe5 20. Bxb6
axb6 21. Rf7 Rd7 22. Rxd7 Kxd7 23. Kf2 Rf8+ 24. Ke3 Kd6 25. Rd2 Rf4 26. a3 b5
27. g3 Rg4 28. Kf3 Rc4 29. Kg2 Rc3 30. Rf2 Kxd5 31. Rf7 g6 32. Rg7 Rc6 33. Rd7+
Ke4 34. Rg7 Ke3 35. Rf7 Rc2+ 36. Kh3 h5 37. Re7 Ke4 38. Rg7 Kf5 39. Rf7+ Ke6
40. Rg7 Kf6 41. Rd7 g5 0-1

[Event "32. Potsdamer Weihnachtsturnier"]
[Site "Potsdam"]
[Date "2007.12.27"]
[Round "1.33"]
[White "Schmidt, David"]
[Black "Rolfes, Leon"]
[Result "1-0"]
[WhiteElo "1972"]
[BlackElo "1016"]
[PlyCount "122"]

1. d4 Nf6 2. Nf3 c5 3. c3 e6 4. Bg5 Nc6 5. e3 h6 6. Bh4 b6 7. Bd3 d5 8. O-O Be7
9. Nbd2 O-O 10. Rc1 c4 11. Bb1 Rb8 12. Qc2 g6 13. Bg3 Bd6 14. Bxd6 Qxd6 15. e4
Qf4 16. e5 Nh5 17. g3 Qf5 18. Qd1 Qh3 19. Nh4 Kg7 20. Nxc4 Ba6 21. b3 Rh8 22.
Bd3 g5 23. Qxh5 dxc4 24. Be4 gxh4 25. Bxc6 cxb3 26. Rfe1 bxa2 27. Ra1 Bc4 28.
Bg2 Qf5 29. Qxf5 exf5 30. Bf1 Bb3 31. Re3 a5 32. Bb5 Rbd8 33. c4 a4 34. d5 Rc8
35. gxh4 Bxc4 36. Rg3+ Kh7 37. Bd7 Rcg8 38. Bxf5+ Rg6 39. h5 Bxd5 40. hxg6+ Kg7
41. gxf7+ Kxf7 42. Bd7 Bb3 43. Bxa4 Bxa4 44. Rxa2 Bc6 45. Ra7+ Ke6 46. Rg6+ Kd5
47. e6 Kc5 48. Rf6 Rd8 49. f4 Rg8+ 50. Kf2 Rg2+ 51. Kf1 Rxh2 52. e7 Bb5+ 53.
Kg1 Rh5 54. Rf8 Rh4 55. f5 Rg4+ 56. Kf2 h5 57. f6 Re4 58. f7 Kd6 59. e8=Q Bxe8
60. fxe8=Q Rxe8 61. Rxe8 Kc5 1-0

[Event "32. Potsdamer Weihnachtsturnier"]
[Site "Potsdam"]
[Date "2007.12.27"]
[Round "1.36"]
[White "Scholvin, Erich"]
[Black "Mühlhan, Klaus"]
[Result "0-1"]
[WhiteElo "2125"]
[BlackElo "1946"]
[PlyCount "93"]

1. d4 Nf6 2. Nf3 e6 3. e3 b6 4. Bd3 Bb7 5. O-O c5 6. b3 cxd4 7. exd4 Be7 8. Bb2
O-O 9. Nbd2 d5 10. Ne5 Nc6 11. a3 Rc8 12. Qe2 Qc7 13. Rac1 Bd6 14. f4 Qe7 15.
b4 Nd7 16. Rce1 g6 17. Ndf3 a5 18. Nxc6 Bxc6 19. b5 Bb7 20. f5 Rce8 21. fxg6
hxg6 22. a4 Kg7 23. Bc1 Rh8 24. Qf2 f6 25. g3 e5 26. Nh4 e4 27. c3 Nf8 28. Be2
Bc8 29. Ng2 Bh3 30. Bf4 g5 31. Bxd6 Qxd6 32. Ne3 Rh6 33. Bg4 Bxg4 34. Nxg4 Rg6
35. Ne5 Rxe5 36. dxe5 Qxe5 37. Qxb6 f5 38. Qd4 Qxd4+ 39. cxd4 f4 40. Rb1 Nd7
41. Rfc1 Nb6 42. Rc7+ Kh6 43. g4 e3 44. Rc6 f3 45. Rb3 Nc4 46. Rxg6+ Kxg6 47.
Rd3 0-1